000 00559nam a2200217Ia 4500
003 OSt
005 20220928135936.0
006 a|||||r|||| 00| 0
007 ta
008 220927b |||||||| |||| 00| 0 eng d
024 _a5563
037 _cTextual
040 _aSDCL
_cSDCL
_beng
041 _2eng
_aeng
082 _aO-,2J64 : g (NS), M1
100 _aBrissenden Alan
_9493247
245 0 _aShakespeare and the dance.
260 _c1981
942 _hO-,2J64 : g (NS), M1
_cTEXL
_2CC
999 _c809021
_d809021